| 000 | 00722nac a22002171u 4500 | ||
|---|---|---|---|
| 020 | _a0070990093 | ||
| 082 | 0 | 0 |
_a515.63 _bS7551 |
| 090 |
_c1273 _d1273 |
||
| 100 | _aSpiegel, Murray R. | ||
| 245 | 1 | 0 |
_aSchaum's outline of theory and problems of of Complex Variable SI / _cby Murray R. Spiegel. |
| 246 | 1 | 4 | _aComplex Variable SI |
| 260 |
_aNew York : _bMcGraw-Hill, _c2002. |
||
| 300 |
_a313 p. : _bill. ; _c28 cm. |
||
| 490 | 0 | _aSchaum's outline series | |
| 500 | _aIncludes index. | ||
| 650 | 0 |
_aFunctions of complex variables _xProblems, exercises |
|
| 942 |
_cBB _k515.63S7551 _hRDA-MOD |
||
| 999 |
_c1273 _d1273 |
||
| 336 |
_2rdacontent _atext _btxt |
||
| 337 |
_aunmediated _2rdamedia _bn |
||
| 338 |
_avolume _bnc _2rdacarrier |
||